000 00431nam a22001810a 4500
001 PT34066
003 AR-LpoUNG
005 20210131230144.0
008 191001suuuu||||ve |||||||||||||||||spa d
040 _aAR-LpoUNG
_bspa
_cAR-LpoUNG
_eaacr
041 _aspa
082 0 _aA861 976leg
100 1 _aPuente, Graciela Susana
245 1 0 _aLegado de Venecia
260 _as.l.
_bVinciguerra,
_cs.f.
905 _a34066
942 _cLIB
999 _c1779
_d1779